Guess The Decepticons - Statistics

General Stats
  • This quiz has been taken 11 times
  • The average score is 23 of 43
Answer Stats
Hint Answer % Correct
Decepticon Megatron
100%
Combiner Devastator
88%
Seeker Skywarp
88%
Seeker Starscream
88%
Combaticon Swindle
88%
Seeker Thundercracker
88%
Constructicon Bonecrusher
75%
Combaticon Brawl
75%
Minicon Frenzy
75%
Minicon Laserbeak
75%
Constructicon Scrapper
75%
Decepticon Soundwave
75%
Combaticon Vortex
75%
Combaticon Blast-Off
63%
Stunticon Breakdown
63%
Minicon Buzzsaw
63%
Seeker Dirge
63%
Constructicon Long Haul
63%
Combaticon Onslaught
63%
Minicon Ravage
63%
Minicon Rumble
63%
Constructicon Hook
50%
Mercrenary Lockdown
50%
Seeker Thrust
50%
Seeker Acid Storm
38%
Decepticon Barricade
38%
Stunticon Dead End
38%
Vehicon Flyer Vehicon
38%
Combiner Menasor
38%
Vehicon Miner Vehicon
38%
Seeker Ramjet
38%
Constructicon Scrap Metal
38%
Vehicon Steve
38%
Vehicon Trooper Vehicon
38%
Decepticon Crankcase
25%
Decepticon Crowbar
25%
Stunticon Drag Strip
25%
Decepticon Hatchet
25%
Seeker Ian Storm
25%
Stunticon Motormaster
25%
Seeker Nova Storm
25%
Seeker Sunstorm
25%
Stunticon Wildrider
13%
No matching quizzes found
Score Distribution
Percent of People with Each Score
Percentile by Number Answered
Your Score History
You have not taken this quiz